000 01223nam a2200253Ia 4500
999 _c55748
_d55748
001 22843
003 GE_BSU
005 20230525142647.0
008 181216s ||||ge |||||||||||||| ||geo||
020 _a978-9941-0-3978-2
040 _cGE_BSU
041 _ageo
080 _a821.112.2(436)-1მ-46
245 _aმე-20 საუკუნის ავსტრიული ლირიკა = Osterreichische Lyrik des 20. Jahrhunderts :
_bმასალები ტ. 11 პაულ ცელანი /
_cიდეის ავტ. და ხელმძღვ. დათო ბარბაქაძე.
264 _aთბილისი :
_b[?],
_c2011.
300 _a385 გვ..20 სმ.
300 _eდანართი: გვ. 351-369.
500 _aდანართი : გვ. 351-369.
541 _h7 ლ.
653 _aლექსები ქართულ და გერმანულ ენებზე
653 _aლიტერატურა
653 _aმე-20 საუკუნის ავსტრიული ლირიკა = Osterreichische Lyrik des 20. Jahrhunderts : მასალები. ტ. 11. პაულ ცელანი
942 _cBK
_2udc